00281 a2200121 4500001000700000020001800007040001100025100003600036240003800072245003300110300000700143362000900150171047 a85-10-02890-7 cMagnum aQueirós, Bartolomeu Campos de10aBichos são todos... bichoslpor10aBichos são todos... bichos a400 a2005